00605nam a22001817a 450000500170000001000260001702000260004303500240006903700090009308200140010210000210011624501110013726000460024827000440029430000320033849000250037070000280039520240530145430.0 aENG-140551 ENG-140552 c582.00a9788181716019 aEN-124083 EN-124084 aDBAD a597.80954 aSinha, Bikramjit aFauna of Eastern Himalayas Amphibians of Arunachal Pradesh, India/cBy Bikramjit Sinha [and] Bhaskar Sinha aKolkatabZoological Survey of Indiac2022 aM-Block, New Alipore, bKolkatae700053 a100p. c26cm(Pb)bill., col aOcaasional Paper 410 aSinha, Bhaskar eAuthor